000 00374nam a22001697a 4500
005 20160618152028.0
008 160618b xxu||||| |||| 00| 0 eng d
020 _a81-8-6314-54-7
041 _aeng
082 _b8193
100 _aJhamb, L.C.
_9776
245 _aInventory Management
260 _bEPH
_c2009
300 _a560
650 _aManagement
_9241
942 _cBK
999 _c3147
_d3146